| 000 | 01033nam a22002537a 4500 | ||
|---|---|---|---|
| 999 |
_c465 _d465 |
||
| 003 | AR-CdUCM | ||
| 008 | 190223b ||||| |||| 00| 0 spa d | ||
| 020 | _a84-231-0590-3 | ||
| 040 |
_aMUNICIPALIDAD PROVINCIAL DEL CUSCO _cBIBLIOTECA MUNICIPAL DEL CUSCO |
||
| 082 |
_a909 / _bG861 |
||
| 100 |
_aGrimberg, Carl _91720 |
||
| 245 |
_aRevoluciones y luchas nacionales : _bla burguesía adquiere conciencia nacional / _cCarl Grimberg |
||
| 260 |
_aEspaña : _bEdiciones Daimon ; _c1967. |
||
| 300 |
_a432 páginas _bilustraciones, mapas _c17cm |
||
| 440 |
_aHistoria Universal Daimon _91721 |
||
| 505 | _aContenido: Crisis británica en América y Asia -- Europa y la revolución francesa -- Napoleón Bonaparte -- La revolución industrial -- Las monarquías de Francia e Inglaterra ... | ||
| 650 |
_aPolítica británica _91838 |
||
| 650 |
_aDioramas del Rococó _91839 |
||
| 650 |
_aRepública francesa _91840 |
||
| 650 |
_aNapoleón _91841 |
||
| 650 |
_aSocialismo europeo _91842 |
||
| 942 |
_2ddc _cLIBROS |
||
| 945 |
_anom _d2019-02-23 |
||